A efetividade da prova pericial na investigaȯ̂ das doenȧs ocupacionais avaliaȯ̂ dos danos causados ̉sad︢e do trabalhador /

Detalles Bibliográficos
Autor principal: Manhabusco, Jos ̌Carlos
Formato: eBook
Lenguaje:portugués
Publicado: San Pablo: LTR, 2022
Materias:
Acceso en línea:Acceso restringido

MARC

LEADER 00000nam a22000007a 4500
005 20220516205615.0
007 cr|||| ||||
008 220516s2022 br |||||s|||| 00||0 por d
020 |a 978-65-5883-128-0 
035 |a 36403 
040 |a vLex 
090 |c 13340  |d 13340 
100 1 |a Manhabusco, Jos ̌Carlos 
245 1 0 |a A efetividade da prova pericial na investigaȯ̂ das doenȧs ocupacionais  |h [Recurso electrn̤ico] :  |b avaliaȯ̂ dos danos causados ̉sad︢e do trabalhador /  |c Jos ̌Carlos Manhabusco 
256 |a Servicio en ln̕ea 
260 |a San Pablo:  |b LTR,  |c 2022 
300 |a 1 recurso electrn̤ico 
500 |a Este trabalho versa sobre os efeitos da produȯ̂ e o procedimento da prova pericial, especialmente no que diz respeito ̉investigaȯ̂ e ̉avaliaȯ̂ dos danos causados ̉sad︢e do trabalhador. O estudo foi direcionado no sentido de trazer ̉tona as dificuldades encontradas pelo auxiliar do juz̕o, quanto ̉aplicaȯ̂ do protocolo normativo no ḿbito da entidade profissional e do prp̤rio r̤gô previdencir̀io (INSS), bem como fornecer ao julgador os elementos de reflexô para uma participaȯ̂, nô s ̤colaborativa, mas, acima de tudo, tambm̌ investigativa. A orientaȯ̂ aos profissionais que atuam como auxiliar do juz̕o no trato com a linguagem utilizada, bem como na rotina para exercer o munus pb︢lico foi objeto de refern̊cia. O conhecimento da formalidade do acesso ao Poder Judicir̀io visando o credenciamento tanto do Mďico do Trabalho quanto do Fisioterapeuta foi observado com n̊fase, uma vez que demonstra a abertura de substancial mercado de trabalho para os que pretendem se especializar na r̀ea. Todavia, o conted︢o da pesquisa pode servir para Advogados, Magistrados, representantes do Ministřio Pb︢lico do Trabalho, Estagir̀ios, Estudantes e Operadores do Direito que buscam aprimorar os seus conhecimentos na matřia tratada. O pesquisador tentou utilizar da parte ter̤ica, sem, contudo, descuidar da parte prt̀ica. 
506 1 |a Disponible solo en los productos indicados  |d vLex Global  |d vLex Global (Academic Edition, excluding Law Schools)  |d vLex Global (U.S. Academic Edition, Law Schools)  |d vLex Global (U.S. Academic Edition, excluding Law Schools)  |d vLex Global (Academic Edition, Law Schools) 
650 0 4 |a Derecho Laboral y Seguridad Social  |z Brasil 
740 0 |a vLex Libros (Servicio en ln̕ea) 
856 4 0 |u https://app.vlex.com/#/sources/36403  |z Acceso restringido 
942 |c BOOK 
999 0 |a Labor law and social security